书目信息 |
| 题名: |
人格教育
|
|
| 作者: | 王森林 主编 | |
| 分册: | ||
| 出版信息: | 北京 中国时代经济出版社 2003.06 |
|
| 页数: | 372页 | |
| 开本: | 21cm | |
| 丛书名: | 非智力成长因素教育丛书 | |
| 单 册: | ||
| 中图分类: | B825 , B848 | |
| 科图分类: | ||
| 主题词: | 人格--ren ge--儿童教育--家庭教育 | |
| 电子资源: | ||
| ISBN: | 7-80169-408-2 | |
| 000 | 01127nam 2200277 450 | |
| 001 | 012008342750 | |
| 005 | 20080318085949.09 | |
| 010 | @a7-80169-408-2@dCNY24.00 | |
| 100 | @a20080318d2003 km y0chiy0120 ea | |
| 101 | 0 | @achi |
| 102 | @aCN@b110000 | |
| 105 | @ay z 000yy | |
| 106 | @ar | |
| 200 | 1 | @a人格教育@Aren ge jiao yu@e让孩子拥有一生的财富@f王森林主编@Fwang sen lin zhu bian |
| 210 | @a北京@c中国时代经济出版社@d2003.06 | |
| 215 | @a372页@d21cm | |
| 225 | 2 | @a非智力成长因素教育丛书@Afei zhi li cheng zhang yin su jiao yu cong shu |
| 330 | @a人格就是一种财富,它是人们的良好愿望和尊严的财富。从小对孩子进行人格的投资,孩子可以赢得的尊敬和荣誉中得到回报。作为父母除了智力投资以外,还应该对孩子进行人格教育投资。本书告诉你如何把孩子培养成一个人格高尚的人,而不是一个人格低劣的人。 | |
| 410 | 0 | @12001 @a非智力成长因素教育丛书 |
| 517 | 1 | @a让孩子拥有一生的财富@Arang hai zi yong you yi sheng de cai fu |
| 606 | 0 | @a人格@Aren ge@x儿童教育@x家庭教育 |
| 690 | @aB825@v4 | |
| 690 | @aB848@v4 | |
| 701 | 0 | @a王森林@Awang sen lin@4主编 |
| 801 | 0 | @aCN@bQSSK@c20080318 |
| 905 | @b20286593-95@dB825@eW333@f3 | |
| 人格教育:让孩子拥有一生的财富/王森林主编.-北京:中国时代经济出版社,2003.06 |
| 372页;21cm.-(非智力成长因素教育丛书) |
| ISBN 7-80169-408-2:CNY24.00 |
| 人格就是一种财富,它是人们的良好愿望和尊严的财富。从小对孩子进行人格的投资,孩子可以赢得的尊敬和荣誉中得到回报。作为父母除了智力投资以外,还应该对孩子进行人格教育投资。本书告诉你如何把孩子培养成一个人格高尚的人,而不是一个人格低劣的人。 |
| ● |
| 相关链接 |
|
|
|
正题名:人格教育
索取号:B825/W333
 
预约/预借
| 序号 | 登录号 | 条形码 | 馆藏地/架位号 | 状态 | 备注 |
| 1 | 286593 | 202865934 | 社科库509/509社科库 30排1列3层/ [索取号:B825/W333] | 在馆 | |
| 2 | 286594 | 202865943 | 社科库509/509社科库 30排1列3层/ [索取号:B825/W333] | 在馆 | |
| 3 | 286595 | 202865952 | 社科库509/509社科库 30排1列3层/ [索取号:B825/W333] | 在馆 |